000 00541nam a2200181Ia 4500
003 GCL
008 140319s9999 xx 000 0 ara d
040 _aGCL /
_cGCL
082 0 4 _aق
_b273.2905
_bو ه
100 1 _aوليم فريد باسيلى
245 1 0 _aهروب السيد المسيح الى مصر /
_cوليم فريد باسيلى
300 _a159 ص
490 _a100 قصة
_v0
650 0 4 _aالمسيحية - مصر
650 0 4 _aالعائلة المقدسة
650 0 4 _aالرحلة الى مصر
942 _2ddc
_cBK
999 _c45570
_d45570